LEADER 02650nam 2200673 a 450 001 9910457048103321 005 20200520144314.0 010 $a0-262-29805-8 010 $a1-283-25880-3 010 $a9786613258809 010 $a0-262-29892-9 035 $a(CKB)2550000000046020 035 $a(OCoLC)751977971 035 $a(CaPaEBR)ebrary10496267 035 $a(SSID)ssj0000538583 035 $a(PQKBManifestationID)12177366 035 $a(PQKBTitleCode)TC0000538583 035 $a(PQKBWorkID)10558647 035 $a(PQKB)10445527 035 $a(StDuBDS)EDZ0000130996 035 $a(MiAaPQ)EBC3339278 035 $a(MdBmJHUP)muse24544 035 $a(OCoLC)751977971$z(OCoLC)754329766$z(OCoLC)816862215$z(OCoLC)857960851$z(OCoLC)961689692$z(OCoLC)962723880$z(OCoLC)966111223$z(OCoLC)988498852$z(OCoLC)990658165$z(OCoLC)992067811$z(OCoLC)1037940684$z(OCoLC)1038693534$z(OCoLC)1055389555$z(OCoLC)1058100608$z(OCoLC)1064770252$z(OCoLC)1081290891 035 $a(OCoLC-P)751977971 035 $a(MaCbMITP)9105 035 $a(Au-PeEL)EBL3339278 035 $a(CaPaEBR)ebr10496267 035 $a(CaONFJC)MIL325880 035 $a(EXLCZ)992550000000046020 100 $a20110120d2011 uy 0 101 0 $aeng 135 $aur||||||||||| 181 $ctxt 182 $cc 183 $acr 200 10$aLike-minded$b[electronic resource] $eexternalism and moral psychology /$fAndrew Sneddon 210 $aCambridge, Mass. $cMIT Press$dc2011 215 $a1 online resource (295 p.) 300 $aBibliographic Level Mode of Issuance: Monograph 311 $a0-262-01611-7 320 $aIncludes bibliographical references and index. 327 $aIntroduction: externalism and moral psychology -- The disunity of moral judgment -- Moral reasoning -- Rethinking the reactive attitudes: attributing moral responsibility -- The production of action -- Psychological pluralism, environmental sensitivity and the bounds of -- Morality. 330 8 $aThis title presents a proposal that the cognitive processes that make us moral agents are partially constituted by features of our external environments. 606 $aEthics 606 $aPsychology and philosophy 606 $aExternalism (Philosophy of mind) 608 $aElectronic books. 615 0$aEthics. 615 0$aPsychology and philosophy. 615 0$aExternalism (Philosophy of mind) 676 $a170/.42 700 $aSneddon$b Andrew$f1971-$01048938 801 0$bMiAaPQ 801 1$bMiAaPQ 801 2$bMiAaPQ 906 $aBOOK 912 $a9910457048103321 996 $aLike-minded$92477562 997 $aUNINA LEADER 02602nas 2200745-a 450 001 9910895775403321 005 20260218110102.0 035 $a(DE-599)ZDB2276308-9 035 $a(CKB)110978976472091 035 $a(CONSER)---75617456- 035 $a(DE-599)2276308-9 035 $a(DE-599)2276316-8 035 $a(EXLCZ)99110978976472091 100 $a19941129b19672003 -a- - 101 0 $ager 181 $ctxt$2rdacontent 182 $cc$2rdamedia 183 $acr$2rdacarrier 200 00$aAmtliche Nachrichten der Bundesanstalt für Arbeit $e(ANBA) 210 $aNürnberg $cBundesanstalt für Arbeit$d[1969]- 215 $a1 online resource 300 $aTitle from cover. 311 08$aPrint version: Amtliche Nachrichten der Bundesanstalt für Arbeit : 0007-585X (DLC) 75617456 (OCoLC)31532849 517 3 $aANBA 531 $aGERMANY BUNDESANSTALT FUER ARBEIT AMTLICHE NACHRICHTEN 606 $aEmployment agencies$zGermany (West)$vStatistics$vPeriodicals 606 $aEmployment agencies$zGermany$vStatistics$vPeriodicals 606 $aUnemployment insurance$zGermany (West)$vStatistics$vPeriodicals 606 $aUnemployment insurance$zGermany$vStatistics$vPeriodicals 606 $aStatistiques de l'emploi$2eclas 606 $aOffre de main-d'oeuvre$2eclas 606 $aTravail$2eclas 606 $aChômage$2eclas 606 $aMensuels$2eclas 606 $aEmployment agencies$2fast$3(OCoLC)fst00909331 606 $aUnemployment insurance$2fast$3(OCoLC)fst01715915 606 $aArbeitsmarkt$2gnd 606 $aStatistik$2gnd 607 $aAllemagne$2eclas 607 $aGermany$2fast$1https://id.oclc.org/worldcat/entity/E39PBJtCD3rcKcPDx6FHmjvrbd 607 $aGermany (West)$2fast 607 $aDeutschland$2gnd 608 $aPeriodicals.$2fast 608 $aStatistics.$2fast 608 $aPeriodicals.$2lcgft 608 $aZeitschrift$2gnd-content 615 0$aEmployment agencies 615 0$aEmployment agencies 615 0$aUnemployment insurance 615 0$aUnemployment insurance 615 7$aStatistiques de l'emploi. 615 7$aOffre de main-d'oeuvre. 615 7$aTravail. 615 7$aChômage. 615 7$aMensuels. 615 7$aEmployment agencies. 615 7$aUnemployment insurance. 615 7$aArbeitsmarkt. 615 7$aStatistik. 712 02$aBundesanstalt fu?r Arbeit (Germany) 906 $aJOURNAL 912 $a9910895775403321 920 $aexl_impl conversion 996 $aAmtliche Nachrichten der Bundesanstalt für Arbeit$94250127 997 $aUNINA